00538nmm a2200169Ia 4500008004100000020001800041041000800059100003400067245006900101264005600170300001800226490003200244650001700276856005100293942000700344999001700351251105s9999||||xx |||||||||||||||||und|| a9789560006547 aspa aVillarroel, Mónica (coord.) 0aMemorias y representaciones en el cine chileno y latinoamericano a[Santiago de Chile, Chile] :bLOM Ediciones, c2016 a256 páginas aCiencias Sociales y Humanas aFilm studies uhttps://public.digitaliapublishing.com/a/41644 cCF c93542d93542